Les Normands célèbres - personnalités de Normandie - Statistiques

Statistiques générales
  • Ce quiz a été pris 90 fois
  • Le résultat moyen est 3 sur 16
Statistiques - réponses
Par images Réponse % Correct
Bourvil
86%
Guillaume le Conquérant
57%
Claude Monet
52%
Jacques Anquetil
37%
Jean Marais
27%
Sainte Thérèse de l'Enfant-Jésus et de la Sainte-Face
25%
Pierre Corneille
17%
Benoit Cosnefroy
11%
Robert Courteheuse
6%
Patrick Proisy
4%
Jules Barbey d'Aurevilly
2%
Nicolas Poussin
2%
Théodore Géricault
2%
Charles Lemaître
1%
Jean de La Varende
1%
Saint Jean de Brébeuf
1%
Aucun quiz correspondant
Distribution des résultats
% des personnes avec chaque résultat
Percentile par nombre de réponses
Votre historique - résultats
Vous n’avez pas pris ce quiz